|
|
|
|
| LEADER |
01039cam a22002774a 4500 |
| 001 |
27224 |
| 005 |
20130710111404.0 |
| 008 |
130710s2002 mau b 001 0 eng |
| 010 |
|
|
|a 2001036281
|
| 020 |
|
|
|a 0745614906
|
| 020 |
|
|
|a 0745614914 (pbk.)
|
| 040 |
|
|
|a DLC
|c DLC
|d DLC
|d BD-DhAAL
|
| 042 |
|
|
|a pcc
|
| 050 |
0 |
0 |
|a HQ1240
|b .R35 2002
|
| 082 |
0 |
0 |
|a 305.3
|2 21
|
| 100 |
1 |
|
|a Rai, Shirin.
|9 2263
|
| 245 |
1 |
0 |
|a Gender and the political economy of development :
|b from nationalism to globalization /
|c Shirin M. Rai.
|
| 260 |
|
|
|a Malden, Mass. :
|b Polity Press,
|c 2002. [Reprinted 2004]
|
| 300 |
|
|
|a viii, 264 p. ;
|c 24 cm.
|
| 504 |
|
|
|a Includes bibliographical references (p. [217]-252) and index.
|
| 541 |
|
|
|e 27224
|
| 650 |
|
0 |
|a Women in development.
|9 2264
|
| 650 |
|
0 |
|a Economic development
|x Social aspects.
|9 1944
|
| 942 |
|
|
|2 ddc
|c BK
|
| 999 |
|
|
|c 13658
|d 13658
|
| 952 |
|
|
|0 0
|1 0
|2 ddc
|4 0
|6 305_300000000000000_RAI
|7 0
|9 22887
|a IGS
|b IGS
|c GEN
|d 2013-07-10
|e Development Book Agency
|g 2095.00
|l 0
|o 305.3 RAI
|p 3010027224
|r 2013-07-10
|t 1
|w 2013-07-10
|y BK
|